000 00556nam a2200181Ia 4500
008 090630s9999 xx 000 0 und d
082 _b13701
100 _aप्रा. बोधे व. बा.
245 _aझळा.
_cप्रा. बोधे व. बा.
260 _bएस. के. - पुणे.
_c1995
300 _a160
600 _aप्रा. बोधे व. बा.
630 _aझळा.
655 _aकादंबरी.
700 _aप्रा. बोधे व. बा.
730 _aझळा.
942 _cBOOK
999 _c265557
_d265557